Riadenie ľudských zdrojov v systéme krízového manažmentu verejnej správy

Ľudské zdroje v systéme krízového manažmentu. Logické členenie verejnej správy. Súčasné bariéry v riadení ľudských zdrojov. Návrh zavedenia modelu New public management do verejnej správy.

Salvato in:
Dettagli Bibliografici
Autore principale: Brezina, Daniel
Altri autori: Valášková, Zuzana
Natura: Capitolo di libro
Lingua:slovacco
Soggetti:
Tags: Aggiungi Tag
Nessun Tag, puoi essere il primo ad aggiungerne!!

MARC

LEADER 00000naa a2200000 4500
001 0241300
005 20220718123950.3
041 0 |a slo 
044 |a SK 
245 1 0 |a Riadenie ľudských zdrojov v systéme krízového manažmentu verejnej správy  |c Daniel Brezina, Zuzana Valášková 
520 |a Ľudské zdroje v systéme krízového manažmentu. Logické členenie verejnej správy. Súčasné bariéry v riadení ľudských zdrojov. Návrh zavedenia modelu New public management do verejnej správy. 
610 2 0 |a manažment krízový 
610 2 0 |a riadenie ľudských zdrojov 
610 2 0 |a správa verejná 
610 2 0 |a správa štátna 
610 2 0 |a správa verejná elektronická 
610 2 0 |a manažment verejnej správy 
100 1 |a Brezina, Daniel 
700 1 |a Valášková, Zuzana